000 00877nas a2200265 4500
001 BR2015006936
003 BR-BrBNA
005 20231205125950.0
007 ta
008 230509b bl.|||p| |||| 00| 00por d
040 _aBR-BrBNA
_bpor
_cBiblioteca Nacional de Agricultura
041 _a(En)
072 _aL60
100 1 _aGonzales-Sponga, M.A.
245 1 _aVenezuelan arachnides: two new species of the tityus genus (scorpionida: buthidae)in the state of Lara
650 _aESCORPIAO
650 _aDISTRIBUICAO GEOGRAFICA
650 _aSAUDE PUBLICA
650 _aEPIDEMIOLOGIA
650 _aTAXONOMIA
773 0 _tJournal of Venomous Animals and Toxins (Brazil)
_xISSN 1678-4936
_g(1997), v. 3(2) p. 295-310
_wBR2015006936
856 4 0 _uhttp://dx.doi.org/10.1590/S0104-79301997000200006
909 _a202311
_bLúcia
_c55
_dLúcia Elande
942 _2AGRIS
_n0
_cANA
999 _c247158
_d247158